Service sector in India / (Record no. 14807)

MARC details
000 -LEADER
fixed length control field 00903nam a22002417a 4500
005 - DATE AND TIME OF LATEST TRANSACTION
control field 20080811141834.0
008 - FIXED-LENGTH DATA ELEMENTS--GENERAL INFORMATION
fixed length control field 080811t xxu||||| |||| 00| 0 eng d
010 ## - LCCN (DPL NO)
LC control number ENG-90704
020 ## - INTERNATIONAL STANDARD BOOK NUMBER
Terms of availability 525.00
International Standard Book Number 9788184350340
035 ## - SYSTEM CONTROL NUMBER
System control number EN-74237
037 ## - SOURCE OF ACQUISITION
Source of stock number/acquisition DBAD / PUB
040 ## - CATALOGING SOURCE
Original cataloging agency DPL
Language of cataloging ENGLISH
082 ## - DEWEY DECIMAL CLASSIFICATION NUMBER
Classification number 338.7610954
100 ## - MAIN ENTRY--PERSONAL NAME
Personal name Dwivedi, Syam Mohan
245 ## - TITLE STATEMENT
Title Service sector in India /
Statement of responsibility, etc by Syam Mohan Dwivedi [and] Hardiya Narayan Mishra
260 ## - PUBLICATION, DISTRIBUTION, ETC. (IMPRINT)
Place of publication, distribution, etc New Delhi
Name of publisher, distributor, etc Adhyayan Publishers & Distributors
Date of publication, distribution, etc 2008
300 ## - PHYSICAL DESCRIPTION
Extent xii, 191p.
Dimensions 22 cm.(Hb)
500 ## - GENERAL NOTE
General note Includes and index
650 ## - SUBJECT ADDED ENTRY--TOPICAL TERM
Topical term or geographic name as entry element Service industries
Geographic subdivision India
700 ## - ADDED ENTRY--PERSONAL NAME
Personal name Mishra, Hridya Narayan
942 ## - ADDED ENTRY ELEMENTS (KOHA)
Source of classification or shelving scheme Dewey Decimal Classification
Item type English Books
Classification part 338.7610954
Call number suffix DWI
Holdings
Withdrawn status Lost status Source of classification or shelving scheme Damaged status Not for loan Collection code Home library Current library Date acquired Source of acquisition Cost, normal purchase price Total Checkouts Full call number Barcode Date last seen Cost, replacement price Koha item type
    Dewey Decimal Classification   Not For Loan Non-fiction D.B.Act.Division D.B.Act.Division 12/08/2008 DBAD / PUB 525.00   338.7610954 DWI EN-74237 15/09/2008 525.00 English Books

© Delhi Public Library
Hit Counter
free hit counter